Library Banner

Faith and power (Record no. 78124)

MARC details
000 -LEADER
fixed length control field 00489nam a2200181Ia 4500
001 - CONTROL NUMBER
control field 69104
008 - FIXED-LENGTH DATA ELEMENTS--GENERAL INFORMATION
fixed length control field 151103s9999||||xx |||||||||||||| ||und||
020 ## - INTERNATIONAL STANDARD BOOK NUMBER
International Standard Book Number 9780195144215
040 ## - CATALOGING SOURCE
Transcribing agency PK-LaUMT
082 ## - DEWEY DECIMAL CLASSIFICATION NUMBER
Classification number 294.2720956
Item number LEW-F
100 ## - MAIN ENTRY--PERSONAL NAME
Personal name Lewis, Bernard
245 ## - TITLE STATEMENT
Title Faith and power
Remainder of title religion and politics in the Middle East
Statement of responsibility, etc Lewis, Bernard
260 ## - PUBLICATION, DISTRIBUTION, ETC. (IMPRINT)
Place of publication, distribution, etc Oxford,USA:
Name of publisher, distributor, etc Oxford University Press,
Date of publication, distribution, etc 2010
300 ## - PHYSICAL DESCRIPTION
Extent 208 p.
546 ## - LANGUAGE NOTE
Language note EN
650 ## - SUBJECT ADDED ENTRY--TOPICAL TERM
Topical term or geographic name as entry element Islam-History
942 ## - ADDED ENTRY ELEMENTS (KOHA)
Koha item type Books
Holdings
Withdrawn status Lost status Damaged status Not for loan Home library Current library Date acquired Total Checkouts Full call number Barcode Date last seen Date checked out Price effective from Koha item type
        UMT Main Campus UMT Main Campus 2015-11-02 4 294.2720956 LEW-F 94694 2025-12-05 2025-11-21 2015-11-03 Books